Statistiken für 100 Besten Schlagzeuger aller Zeiten (Rolling Stone)

Klicken Sie hier um das Quiz zu spielen!

Allgemein

  • Dieses Quiz wurde 20 mal gespielt
  • Das Durchschnittsergebnis liegt bei 7 aus 103

Antwortstatistiken

HintAntwort% Korrekt
15Ringo Starr
74%
1John Bonham
63%
28Dave Grohl
53%
45Phil Collins
53%
13Charlie Watts
37%
2Keith Moon
37%
97Meg White
37%
89Phil Rudd
26%
53Alex Van Halen
21%
66Chad Smith
21%
98Chris Dave
21%
3Ginger Baker
21%
38Steve Smith
21%
11Stewart Copeland
21%
16Buddy Rich
16%
24Elvin Jones
16%
99Larry Mullen, Jr.
16%
32Roger Hawkins
16%
101Steven Adler
16%
26Earl Palmer
11%
22Ian Paice
11%
62Mick Fleetwood
11%
86Ronald Shannon Jackson
11%
72Tommy Ramone
11%
102Travis Barker
11%
31Clifton James
5%
52Cozy Powell
5%
79Earl Young
5%
75James Williams
5%
39Jeff Porcaro
5%
4Neil Peart
5%
60Sheila E.
5%
25Steve Gadd
5%
88Tommy Lee
5%
64Tony Thompson
5%
20Tony Williams
5%
10Al Jackson, Jr.
0%
12Benny Benjamin
0%
21Bernard Purdie
0%
17Bill Bruford
0%
36Bill Kreutzmann
0%
92Bill Stevenson
0%
44Bill Ward
0%
47Billy Cobham
0%
94Brian Chippendale
0%
73Butch Trucks
0%
30Carlton Barrett
0%
29Carmine Appice
0%
43Carter Beauford
0%
103Christian Vander
0%
100Cindy Blackman
0%
63Clem Burke
0%
6Clyde Stubblefield
0%
71Dale Crover
0%
27Danny Carey
0%
49Dave Lombardo
0%
48David Garibaldi
0%
65Dennis Chambers
0%
14D. J. Fontana
0%
78Earl Hudson
0%
37Fred Below
0%
8Gene Krupa
0%
90George Hurley
0%
85Glenn Kotche
0%
69Greg Errico
0%
5Hal Blaine
0%
7Jabo Starks
0%
42Jack DeJohnette
0%
74Jai Johanny Johanson
0%
33James Gadson
0%
93Janet Weiss
0%
70Jerome Bigfoot Brailey
0%
46Jerry Allison
0%
61Jim Gordon
0%
40Jim Keltner
0%
55Jimmy Chamberlin
0%
50John French
0%
84John Robinson
0%
87John Stanier
0%
91Jon Theodore
0%
68Kenny Aronoff
0%
23Levon Helm
0%
59Manu Katché
0%
54Matt Cameron
0%
80Maureen Tucker
0%
57Max Weinberg
0%
77Michael Shrieve
0%
82Mick Avory
0%
35Mickey Hart
0%
81Micky Waller
0%
9Mitch Mitchell
0%
76Pete Thomas
0%
56Questlove
0%
95Ralph Molina
0%
41Ramon Tiki Fulwood
0%
58Richard Hayward
0%
67Sly Dunbar
0%
83Steve Jordan
0%
18Terry Bozzio
0%
96Tomas Haake
0%
34Tony Allen
0%
51Vinnie Colaiuta
0%
19Zigaboo Modeliste
0%

Verteilung der Resultate

Perzentil nach korrekt beantworteten Fragen

Anzahl Personen mit jedem Resultat

Ihre Resultats-Entwicklung

Sie haben dieses Quiz noch nicht gespielt